000 00569nam a22002057a 4500
003 OSt
005 20220107122740.0
008 140425b xxu||||| |||| 00| 0 eng d
020 _a9788126525515
040 _cIIITM-K
082 _a006.74H DUC/B
100 _aDuckett, Jon
_94469
245 _aBeginning HTML, XHTML, CSS and Javascript
_cby Jon Duckett
260 _aNew Delhi,
_bWiley,
_c2010.
300 _axxvi, 834p.
650 _aWEB PROGRAMMING
_94470
650 _aCOMPUTER PROGRAMMING
_94471
650 _aWEB APPLICATION PROGRAMMING
_94472
942 _2ddc
_cBK
999 _c3943
_d3943